[Event "7ème édition de l'open A de Provence"]
[Site "Salon de Provence"]
[Date "2016.07.09"]
[Round "3.14"]
[White "Bohli, Adam"]
[Black "Graille, Sebastien"]
[Result "1-0"]
[WhiteElo "1650"]
[BlackElo "1781"]
[PlyCount "58"]
[EventDate "2016.??.??"]
[WhiteTeam "Marseille Echecs"]
[BlackTeam "Club Provence Echecs"]

1. e4 c5 2. Nc3 Nc6 3. f4 d6 4. Nf3 g6 5. Bc4 Na5 6. Be2 Bg7 7. O-O Nf6 8. d3
O-O 9. Qe1 Nc6 10. Qh4 Nd4 11. f5 b5 12. Nxd4 cxd4 13. Nxb5 Qb6 14. fxg6 hxg6
15. Na3 Bb7 16. Nc4 Qc5 17. Bg5 Bxe4 18. b4 Qxb4 19. dxe4 Qc5 20. Bd3 Nxe4 21.
Bxe7 Rfe8 22. Qxe4 d5 23. Bxc5 dxe4 24. Nd6 exd3 25. Nxe8 dxc2 26. Nxg7 d3 27.
Be3 Kxg7 28. Bd2 Rb8 29. Kf2 Re8 1-0

[Event "7ème édition de l'open A de Provence"]
[Site "Salon de Provence"]
[Date "2016.07.09"]
[Round "3.15"]
[White "Colandrea, Sauveur"]
[Black "San Marco, Jean"]
[Result "0-1"]
[WhiteElo "1758"]
[BlackElo "1817"]
[PlyCount "62"]
[EventDate "2016.??.??"]
[WhiteTeam "Puy Ste Réparade"]
[BlackTeam "La Ciotat Echecs (LCE)"]

1. d4 Nf6 2. c4 c5 3. d5 b5 4. cxb5 a6 5. bxa6 g6 6. g3 d6 7. Bg2 Bg7 8. Nf3
O-O 9. O-O Bxa6 10. Nc3 Nbd7 11. Ne1 Qb6 12. Nc2 Rfb8 13. h3 Ra7 14. Ne3 Ne5
15. Qc2 Nc4 16. b3 Ne5 17. f4 Ned7 18. Kh2 Rc7 19. Nc4 Bxc4 20. bxc4 Qb4 21.
Qb3 Qxc3 22. Qxc3 Ng4+ 23. hxg4 Bxc3 24. Be3 Bxa1 25. Rxa1 Rcb7 26. Be4 Nf6 27.
Bf3 Rb1 28. Rxb1 Rxb1 29. g5 Nd7 30. a4 Ra1 31. a5 Rxa5 0-1

[Event "7ème édition de l'open A de Provence"]
[Site "Salon de Provence"]
[Date "2016.07.09"]
[Round "3.16"]
[White "Ouahhoud, Yassine"]
[Black "Gamblin, Antoine"]
[Result "1/2-1/2"]
[WhiteElo "1714"]
[BlackElo "1633"]
[PlyCount "67"]
[EventDate "2016.??.??"]
[WhiteTeam "Marseille Echecs"]
[BlackTeam "Marseille Echecs"]

1. e4 c5 2. Nf3 Nc6 3. d4 cxd4 4. Nxd4 Nf6 5. Nc3 e5 6. Ndb5 d6 7. Bg5 a6 8.
Na3 b5 9. Nd5 Be7 10. Bxf6 Bxf6 11. c3 O-O 12. Nc2 Bg5 13. h4 Bh6 14. g3 f5 15.
Bg2 Rb8 16. b4 Be6 17. O-O Ne7 18. exf5 Bxf5 19. Nce3 Bxe3 20. fxe3 Qd7 21.
Nxe7+ Qxe7 22. Bd5+ Be6 23. Rxf8+ Rxf8 24. e4 Qf7 25. Bxe6 Qxe6 26. Qb3 Qxb3
27. axb3 Rf3 28. Kg2 Rxc3 29. Rxa6 Rxb3 30. Rxd6 Rxb4 31. Rd5 Rxe4 32. Rxb5 Kf7
33. Kf3 Re1 34. Kf2 1/2-1/2

[Event "7ème édition de l'open A de Provence"]
[Site "Salon de Provence"]
[Date "2016.07.09"]
[Round "3.17"]
[White "Ammar, Sedrani"]
[Black "Boghossian, Hugo"]
[Result "1-0"]
[WhiteElo "1818"]
[BlackElo "1682"]
[PlyCount "99"]
[EventDate "2016.??.??"]
[BlackTeam "CE Vitrolles"]

1. d4 Nf6 2. c4 c5 3. d5 b5 4. Bg5 d6 5. Bxf6 exf6 6. cxb5 a6 7. e4 f5 8. f3 g6
9. Nc3 Bg7 10. Bd3 O-O 11. Nge2 fxe4 12. fxe4 axb5 13. Bxb5 Qh4+ 14. g3 Qg5 15.
Qc1 Qxc1+ 16. Rxc1 Ba6 17. Bxa6 Nxa6 18. a3 Rab8 19. Rb1 f5 20. exf5 Rxf5 21.
Rf1 Rxf1+ 22. Kxf1 Nc7 23. b4 cxb4 24. Rxb4 Rf8+ 25. Ke1 Re8 26. Kd2 Re5 27.
Nf4 Bh6 28. Rb8+ Kf7 29. Rb7 Re7 30. Rb6 Bg7 31. Nb5 Nxb5 32. Rxb5 Bd4 33. Ne6
Be5 34. a4 Ra7 35. a5 h5 36. Nd8+ Kf6 37. Nc6 Ra8 38. Rb8 Ra6 39. Rb6 Ra8 40.
a6 Kg5 41. a7 Bd4 42. Nxd4 Rxa7 43. h3 Ra2+ 44. Ke3 Ra3+ 45. Rb3 Ra5 46. Kf3
Rxd5 47. Rb5 Rxb5 48. Nxb5 d5 49. h4+ Kf5 50. Ke3 1-0

[Event "7ème édition de l'open A de Provence"]
[Site "Salon de Provence"]
[Date "2016.07.09"]
[Round "3.18"]
[White "Girard, Jean-Pierre"]
[Black "Benezra, Esther"]
[Result "1/2-1/2"]
[WhiteElo "1787"]
[BlackElo "1575"]
[PlyCount "106"]
[EventDate "2016.??.??"]
[WhiteTeam "CE Vitrolles"]
[BlackTeam "L'Echiquier du Roy René"]

1. e4 e5 2. Nf3 Nc6 3. Bb5 a6 4. Ba4 Nf6 5. O-O b5 6. Bb3 Bc5 7. c3 d6 8. d4
Bb6 9. h3 Bb7 10. Re1 O-O 11. Bg5 h6 12. Bh4 g5 13. Bg3 Re8 14. Qd2 exd4 15.
cxd4 Nxe4 16. Qd3 Nxg3 17. Qg6+ Kh8 18. Qxh6+ Kg8 19. Rxe8+ Qxe8 20. Qxg5+ Kf8
21. Qxg3 Nxd4 22. Nxd4 Bxd4 23. Nc3 b4 24. Nd5 Bxd5 25. Bxd5 Rb8 26. Rc1 Be5
27. f4 Bd4+ 28. Kh2 c5 29. Re1 Qd8 30. b3 Qf6 31. Qf3 Re8 32. Rxe8+ Kxe8 33.
Qe4+ Kf8 34. g3 Ba1 35. h4 Qg6 36. Qxg6 fxg6 37. g4 Kg7 38. Kg3 Bc3 39. Kf3 Be1
40. h5 gxh5 41. gxh5 Kf6 42. Ke4 Bc3 43. Bc4 a5 44. Kd5 Kf5 45. Kxd6 Bd4 46.
Kc6 Kxf4 47. Kb5 Kg5 48. Be2 Kh6 49. Kxa5 Kg7 50. Kb5 Kh6 51. Kc6 Be3 52. Kd6
Bd4 53. Ke6 Be3 1/2-1/2

[Event "7ème édition de l'open A de Provence"]
[Site "Salon de Provence"]
[Date "2016.07.09"]
[Round "3.19"]
[White "Mohamed Saeed Laily"]
[Black "Piat, Jean-Pascal"]
[Result "0-1"]
[WhiteElo "1589"]
[BlackElo "1758"]
[PlyCount "84"]
[EventDate "2016.??.??"]
[BlackTeam "Cheval Marin d'Istres-Fos"]

1. d4 Nf6 2. c4 e5 3. dxe5 Ng4 4. Bf4 Nc6 5. Nf3 Bb4+ 6. Nc3 d6 7. exd6 Qf6 8.
Qd2 O-O 9. e3 Re8 10. Be2 cxd6 11. O-O Nce5 12. Rad1 Be6 13. h3 Nxc4 14. Bxc4
Bxc4 15. hxg4 Bxf1 16. Rxf1 Rac8 17. Nd5 Qxf4 18. Nxf4 Bxd2 19. Nxd2 Rc2 20.
Rd1 Rxb2 21. Nc4 Rxa2 22. Nxd6 Rd8 23. Rc1 g5 24. Nh5 Rd2 25. Nxb7 Rd1+ 26.
Rxd1 Rxd1+ 27. Kh2 Ra1 28. Nf6+ Kg7 29. Nd5 a5 30. Nc3 Ra3 31. Nb5 Rb3 32. N7d6
a4 33. Nd4 Rb2 34. Nc4 Rxf2 35. Na3 Rb2 36. Kg3 Ra2 37. Ndc2 Kg6 38. Kf3 f5 39.
gxf5+ Kxf5 40. g4+ Kf6 41. Ke4 Rb2 42. Nd4 Rh2 0-1

[Event "7ème édition de l'open A de Provence"]
[Site "Salon de Provence"]
[Date "2016.07.09"]
[Round "3.20"]
[White "Sanchez, Frederic"]
[Black "Khalifah, Khaled"]
[Result "1/2-1/2"]
[WhiteElo "1732"]
[BlackElo "1486"]
[PlyCount "58"]
[EventDate "2016.??.??"]
[WhiteTeam "Salon Nostradamus"]

1. d4 d5 2. c4 e6 3. Nf3 Nf6 4. g3 c6 5. Bg2 Be7 6. O-O O-O 7. Nc3 h6 8. Re1
Bb4 9. Qb3 Bxc3 10. Qxc3 Ne4 11. Qc2 f5 12. Nd2 Nd7 13. f3 Nef6 14. e4 fxe4 15.
fxe4 Ng4 16. Nf3 dxe4 17. Rxe4 Ndf6 18. Re2 Ne8 19. Bf4 Nd6 20. Rd1 Nf5 21. Bh3
Nf6 22. Bxf5 exf5 23. Be5 Ng4 24. Nh4 Nxe5 25. Rxe5 Qg5 26. Rf1 g6 27. c5 Kg7
28. Qe2 Rf7 29. Re8 f4 1/2-1/2

[Event "7ème édition de l'open A de Provence"]
[Site "Salon de Provence"]
[Date "2016.07.09"]
[Round "5.1"]
[White "Rausis, Igors"]
[Black "Midoux, Sebastien"]
[Result "1-0"]
[WhiteElo "2582"]
[BlackElo "2343"]
[PlyCount "65"]
[EventDate "2016.??.??"]
[WhiteTeam "Orcher la Tour"]
[BlackTeam "CE Vitrolles"]

1. d4 Nf6 2. c4 g6 3. Nc3 d5 4. cxd5 Nxd5 5. g3 Bg7 6. Bg2 Nxc3 7. bxc3 O-O 8.
Nf3 c5 9. O-O Nc6 10. Be3 Qa5 11. Qb3 cxd4 12. Nxd4 Ne5 13. h3 Bd7 14. Qxb7
Rab8 15. Nb3 Rxb7 16. Nxa5 Rc7 17. Rfc1 Bb5 18. Kf1 Rfc8 19. Rab1 Ba6 20. a4 h6
21. Rd1 Rxc3 22. Bb7 Bxb7 23. Rxb7 a6 24. Rxe7 Nc4 25. Nxc4 R3xc4 26. a5 Ra4
27. Bb6 Bc3 28. Ra7 Ra2 29. Rc1 Ra1 30. Rxa1 Bxa1 31. Rxa6 Rc1+ 32. Kg2 Bc3 33.
Ra8+ 1-0

[Event "7ème édition de l'open A de Provence"]
[Site "Salon de Provence"]
[Date "2016.07.09"]
[Round "5.2"]
[White "Maes, Wim"]
[Black "Vedmediuc, Serghei"]
[Result "1/2-1/2"]
[WhiteElo "2179"]
[BlackElo "2442"]
[PlyCount "64"]
[EventDate "2016.??.??"]
[WhiteTeam "Reims Echec et Mat"]
[BlackTeam "Gondrin Echecs Loisirs"]

1. e4 c5 2. Be2 Nc6 3. f4 e6 4. Nf3 d5 5. d3 Nf6 6. e5 Nd7 7. c4 Nb6 8. O-O Be7
9. Be3 O-O 10. Bf2 f6 11. Nc3 fxe5 12. fxe5 Bd7 13. Kh1 Be8 14. cxd5 exd5 15.
d4 c4 16. Be3 Bg6 17. Qd2 Nb4 18. Ng5 Qd7 19. Nh3 Nd3 20. Nf4 Nxf4 21. Rxf4
Rxf4 22. Bxf4 Rf8 23. Rf1 Nc8 24. Kg1 b5 25. Bf3 Bf7 26. Re1 Be6 27. Bg5 b4 28.
Ne2 a5 29. Qe3 Rf7 30. Rf1 Bxg5 31. Qxg5 Ne7 32. Nf4 h6 1/2-1/2

[Event "7ème édition de l'open A de Provence"]
[Site "Salon de Provence"]
[Date "2016.07.09"]
[Round "5.3"]
[White "Petrossian, Armen"]
[Black "Derige Kane, Yan"]
[Result "1-0"]
[WhiteElo "2407"]
[BlackElo "1959"]
[PlyCount "91"]
[EventDate "2016.??.??"]
[WhiteTeam "Marseille Echecs"]
[BlackTeam "Marseille Passion Echecs"]

1. e4 e5 2. Nf3 Nc6 3. Bb5 a6 4. Ba4 Nf6 5. O-O Be7 6. Bxc6 dxc6 7. Re1 Nd7 8.
b3 O-O 9. Bb2 Bf6 10. d3 Re8 11. Nbd2 Nf8 12. Nc4 Ng6 13. a4 b5 14. Ne3 Be6 15.
d4 exd4 16. Bxd4 Bxd4 17. Qxd4 Qd6 18. Qxd6 cxd6 19. Red1 Rad8 20. axb5 axb5
21. Nd4 Bd7 22. Ra6 Ne5 23. f3 g6 24. Kf2 f6 25. h3 Ra8 26. Rda1 Rxa6 27. Rxa6
Rc8 28. f4 Nf7 29. c4 bxc4 30. Nxc4 c5 31. Nb6 Rc7 32. Nd5 Rb7 33. Nxf6+ Kg7
34. Nxd7 Rxd7 35. Ne6+ Kh6 36. g4 Rb7 37. Kg3 Rxb3+ 38. Kh4 g5+ 39. Nxg5 Nxg5
40. Rxd6+ Kg7 41. Kxg5 Rxh3 42. Rd7+ Kg8 43. Rc7 Rc3 44. e5 Rc1 45. e6 c4 46.
Kf6 1-0

[Event "7ème édition de l'open A de Provence"]
[Site "Salon de Provence"]
[Date "2016.07.09"]
[Round "5.4"]
[White "Figier, Anthony"]
[Black "Vavric, Pavel"]
[Result "0-1"]
[WhiteElo "2070"]
[BlackElo "2337"]
[PlyCount "46"]
[EventDate "2016.??.??"]
[WhiteTeam "Marseille Echecs"]
[BlackTeam "Gondrin Echecs Loisirs"]

1. d4 Nf6 2. c4 g6 3. Nc3 Bg7 4. Nf3 O-O 5. Bg5 d6 6. e3 c6 7. Be2 a6 8. O-O
Nbd7 9. h3 b5 10. a3 Nb6 11. d5 Nxc4 12. Bxc4 bxc4 13. dxc6 Qb6 14. Qa4 Be6 15.
Nd4 Rfc8 16. Nxe6 fxe6 17. Qxc4 d5 18. Qa2 Rxc6 19. Rac1 Rac8 20. Ne2 Rxc1 21.
Rxc1 Rxc1+ 22. Nxc1 Ne4 23. Bf4 Qxb2 0-1

[Event "7ème édition de l'open A de Provence"]
[Site "Salon de Provence"]
[Date "2016.07.09"]
[Round "5.5"]
[White "Jeanjean, Dominique"]
[Black "Moncamp, Gilles"]
[Result "1/2-1/2"]
[WhiteElo "2129"]
[BlackElo "2101"]
[PlyCount "77"]
[EventDate "2016.??.??"]
[WhiteTeam "L'Echiquier du Roy René"]
[BlackTeam "Echiquier Marseillais 1872"]

1. e4 d5 2. exd5 Nf6 3. Bb5+ Bd7 4. Bc4 Bg4 5. f3 Bf5 6. g4 Bg6 7. Nc3 Nbd7 8.
h4 h6 9. d4 a6 10. Nge2 Nb6 11. Bb3 Nbxd5 12. Nxd5 Nxd5 13. c4 Nf6 14. Nf4 Bh7
15. Be3 e6 16. Qd2 a5 17. a3 a4 18. Bc2 Bxc2 19. Qxc2 Bd6 20. O-O-O Qe7 21. g5
Bxf4 22. Bxf4 hxg5 23. hxg5 Nh5 24. g6 O-O-O 25. Qxa4 fxg6 26. d5 Kb8 27. Be3
b6 28. Rhe1 Qd7 29. Qb3 exd5 30. cxd5 Nf6 31. Bf4 Kb7 32. d6 cxd6 33. Be3 Qc6+
34. Kb1 Nd7 35. Qf7 Ka8 36. Rc1 Nc5 37. Bxc5 dxc5 38. Re7 Rhf8 39. Qxg7 1/2-1/2

[Event "7ème édition de l'open A de Provence"]
[Site "Salon de Provence"]
[Date "2016.07.09"]
[Round "5.6"]
[White "Kolb, Sebastien"]
[Black "Baroyan, Davit"]
[Result "1-0"]
[WhiteElo "2058"]
[BlackElo "1946"]
[PlyCount "63"]
[EventDate "2016.??.??"]
[WhiteTeam "Salon Nostradamus"]
[BlackTeam "Marseille Echecs"]

1. e4 c5 2. Nf3 d6 3. d4 cxd4 4. Nxd4 Nf6 5. Nc3 Nc6 6. Bg5 e6 7. Qd2 a6 8.
O-O-O Bd7 9. f4 h6 10. Bh4 g5 11. fxg5 Ng4 12. Nxc6 Bxc6 13. h3 hxg5 14. Bxg5
f6 15. Bd3 Ne5 16. Be3 Qa5 17. Kb1 b5 18. Qf2 Nd7 19. e5 f5 20. exd6 b4 21. Ne2
Bg7 22. Bc4 Rc8 23. Bxe6 Be4 24. Bb3 Ne5 25. Nd4 Nc4 26. d7+ Kxd7 27. Nxf5+ Kc6
28. Nxg7 Nxe3 29. Qxe3 Qe5 30. Rhe1 Bxc2+ 31. Bxc2 Qxe3 32. Rxe3 1-0

[Event "7ème édition de l'open A de Provence"]
[Site "Salon de Provence"]
[Date "2016.07.09"]
[Round "5.7"]
[White "Busson, Benoist"]
[Black "Wilfert, Fabrice"]
[Result "1-0"]
[WhiteElo "1964"]
[BlackElo "1856"]
[PlyCount "83"]
[EventDate "2016.??.??"]
[WhiteTeam "Salon Nostradamus"]
[BlackTeam "Cheval Marin d'Istres-Fos"]

1. e4 Nf6 2. Nc3 e5 3. Nf3 Bb4 4. Nxe5 O-O 5. Nf3 Re8 6. Be2 Bxc3 7. dxc3 Nxe4
8. O-O d5 9. c4 dxc4 10. Qxd8 Rxd8 11. Bf4 Nd6 12. Bxd6 Rxd6 13. Rad1 Be6 14.
Rxd6 cxd6 15. Rd1 Nc6 16. Rxd6 Rd8 17. Rxd8+ Nxd8 18. Nd4 Bd5 19. Nb5 Nc6 20.
a3 f6 21. f4 Kf8 22. c3 Ke7 23. Kf2 g6 24. g4 Kd7 25. Ke3 a6 26. Nd4 Nd8 27. h4
b5 28. a4 bxa4 29. Bd1 Nb7 30. Bxa4+ Kd6 31. Bc2 Nc5 32. h5 Bf7 33. hxg6 hxg6
34. g5 f5 35. Nf3 Kd5 36. Ne5 Be8 37. Bd1 Ne6 38. Bf3+ Kc5 39. Be2 Nc7 40. Bxc4
Nd5+ 41. Bxd5 Kxd5 42. b4 1-0

[Event "7ème édition de l'open A de Provence"]
[Site "Salon de Provence"]
[Date "2016.07.09"]
[Round "5.8"]
[White "Mazzella, Enzo"]
[Black "Charvein, Gabriel"]
[Result "1-0"]
[WhiteElo "2015"]
[BlackElo "1951"]
[PlyCount "53"]
[EventDate "2016.??.??"]
[WhiteTeam "Sanary Echecs"]
[BlackTeam "Marseille Echecs"]

1. e4 e5 2. Nf3 Nc6 3. Bc4 Nf6 4. d3 Bc5 5. c3 d6 6. Bb3 O-O 7. Nbd2 a6 8. Nf1
d5 9. Qe2 Be6 10. Ng3 dxe4 11. dxe4 Qd7 12. O-O Bxb3 13. axb3 Rad8 14. b4 Bb6
15. Bg5 Qd3 16. Qxd3 Rxd3 17. Bxf6 gxf6 18. Rfd1 Rfd8 19. Rxd3 Rxd3 20. Kf1 Rd6
21. Ke2 Ne7 22. b5 Ng6 23. Nh5 a5 24. Nd2 Rd8 25. Nc4 Ra8 26. Nxf6+ Kg7 27. Nd5
1-0

[Event "7ème édition de l'open A de Provence"]
[Site "Salon de Provence"]
[Date "2016.07.09"]
[Round "5.9"]
[White "Ammar, Sedrani"]
[Black "Jackson, Thomas"]
[Result "0-1"]
[WhiteElo "1818"]
[BlackElo "2002"]
[PlyCount "52"]
[EventDate "2016.??.??"]
[BlackTeam "Gondrin Echecs Loisirs"]

1. d4 Nf6 2. e3 e6 3. Bd3 c5 4. c3 b6 5. Nd2 Bb7 6. Ngf3 d6 7. O-O Be7 8. b3
O-O 9. Bb2 Nbd7 10. c4 d5 11. cxd5 Nxd5 12. a3 cxd4 13. Nxd4 Nc5 14. Bc2 Bf6
15. Nc4 Rc8 16. Re1 Ba6 17. Ne5 Bxe5 18. Qh5 f5 19. Nxe6 Nxe6 20. Bxf5 Ng5 21.
Bxc8 Bxb2 22. Rab1 Bxc8 23. Rxb2 Qf6 24. Rd2 Bb7 25. Qg4 Nc3 26. Qd7 Bxg2 0-1

[Event "7ème édition de l'open A de Provence"]
[Site "Salon de Provence"]
[Date "2016.07.09"]
[Round "5.10"]
[White "Nobili, Denis"]
[Black "Piat, Jean-Pascal"]
[Result "1-0"]
[WhiteElo "1995"]
[BlackElo "1758"]
[PlyCount "49"]
[EventDate "2016.??.??"]
[WhiteTeam "L'Echiquier du Roy René"]
[BlackTeam "Cheval Marin d'Istres-Fos"]

1. d4 Nf6 2. Nf3 g6 3. c4 c5 4. d5 d6 5. Nc3 Bg7 6. e4 O-O 7. h3 b5 8. cxb5 a6
9. bxa6 Bxa6 10. Be2 Nfd7 11. O-O Qc8 12. Bg5 Re8 13. Re1 Qb7 14. Qd2 c4 15.
Be3 Rc8 16. Rec1 Nc5 17. Bd4 f6 18. Ne1 Nbd7 19. f4 e5 20. dxe6 Nxe6 21. Be3
Ndc5 22. Bf3 Rab8 23. Rab1 f5 24. exf5 Bxc3 25. bxc3 1-0

[Event "7ème édition de l'open A de Provence"]
[Site "Salon de Provence"]
[Date "2016.07.09"]
[Round "5.11"]
[White "Ahmed Rashed Al Hefe"]
[Black "Couderc, Christophe"]
[Result "1-0"]
[WhiteElo "1588"]
[BlackElo "1978"]
[PlyCount "67"]
[EventDate "2016.??.??"]
[BlackTeam "Salon Nostradamus"]

1. d4 d5 2. Bf4 c6 3. e3 Bf5 4. c4 e6 5. Nc3 Nf6 6. Qb3 Qb6 7. c5 Qxb3 8. axb3
Nbd7 9. Nf3 a6 10. b4 Rc8 11. Be2 h6 12. h3 Be7 13. O-O O-O 14. Na4 Bd8 15. Bd6
Re8 16. Ne5 Nxe5 17. dxe5 Nd7 18. f4 g6 19. Nc3 Be4 20. Nxe4 dxe4 21. Bc4 f5
22. g4 Kf7 23. gxf5 gxf5 24. Be2 Rg8+ 25. Kh2 Be7 26. Rg1 Rxg1 27. Rxg1 Bxd6
28. cxd6 c5 29. Bh5+ Kf8 30. Rg6 cxb4 31. Rxe6 a5 32. Rxh6 Rc2+ 33. Kg3 Nc5 34.
e6 1-0

[Event "7ème édition de l'open A de Provence"]
[Site "Salon de Provence"]
[Date "2016.07.09"]
[Round "5.12"]
[White "Benavides, Jeremy"]
[Black "Gamblin, Antoine"]
[Result "1-0"]
[WhiteElo "1910"]
[BlackElo "1633"]
[PlyCount "51"]
[EventDate "2016.??.??"]
[WhiteTeam "Salon Nostradamus"]
[BlackTeam "Marseille Echecs"]

1. e4 c5 2. Nf3 Nc6 3. d4 cxd4 4. Nxd4 Nf6 5. Nc3 e5 6. Ndb5 d6 7. Nd5 Nxd5 8.
exd5 Ne7 9. c3 a6 10. Qa4 axb5 11. Bxb5+ Bd7 12. Bxd7+ Qxd7 13. Qxa8+ Qc8 14.
Qxc8+ Nxc8 15. Be3 f5 16. f3 Be7 17. O-O O-O 18. a4 Bd8 19. a5 b6 20. axb6 Bxb6
21. Bxb6 Nxb6 22. Ra6 Rb8 23. Rfa1 Nc4 24. Ra8 Rxa8 25. Rxa8+ Kf7 26. b4 1-0

[Event "7ème édition de l'open A de Provence"]
[Site "Salon de Provence"]
[Date "2016.07.09"]
[Round "5.13"]
[White "Bohli, Adam"]
[Black "San Marco, Jean"]
[Result "0-1"]
[WhiteElo "1650"]
[BlackElo "1817"]
[PlyCount "80"]
[EventDate "2016.??.??"]
[WhiteTeam "Marseille Echecs"]
[BlackTeam "La Ciotat Echecs (LCE)"]

1. e4 c5 2. Nf3 Nc6 3. d4 cxd4 4. Nxd4 Nf6 5. Nc3 e5 6. Ndb5 d6 7. Bg5 a6 8.
Na3 Be6 9. Nc4 Rc8 10. Bxf6 Qxf6 11. Nb6 Rb8 12. Ncd5 Qd8 13. c3 Be7 14. g4 Bh4
15. Qf3 O-O 16. O-O-O Qg5+ 17. Ne3 Qf4 18. Qxf4 exf4 19. Nf5 Bxf2 20. Nd5 Bxf5
21. gxf5 Rfe8 22. Bg2 Ne5 23. Kb1 f3 24. Rhf1 Bh4 25. Bh1 Rbc8 26. Rd4 f2 27.
h3 Rc4 28. Rxc4 Nxc4 29. Kc2 Re5 30. Bg2 Rxd5 31. exd5 Ne3+ 32. Kd3 Nxg2 33.
Ke2 Nf4+ 34. Kf3 Nxd5 35. c4 Nf6 36. Kg2 Kf8 37. Rd1 g6 38. fxg6 hxg6 39. Rxd6
Ne4 40. Rb6 Nd2 0-1

[Event "7ème édition de l'open A de Provence"]
[Site "Salon de Provence"]
[Date "2016.07.09"]
[Round "5.14"]
[White "Sanchez, Frederic"]
[Black "Mars, Fiona"]
[Result "1/2-1/2"]
[WhiteElo "1732"]
[BlackElo "1706"]
[PlyCount "81"]
[EventDate "2016.??.??"]
[WhiteTeam "Salon Nostradamus"]
[BlackTeam "CE Vitrolles"]

1. d4 Nf6 2. c4 g6 3. Nf3 Bg7 4. g3 O-O 5. Bg2 d5 6. O-O c6 7. b3 dxc4 8. bxc4
c5 9. e3 Nc6 10. Bb2 Qb6 11. Qb3 Nd7 12. Na3 cxd4 13. exd4 Na5 14. Qc3 Nc5 15.
Rab1 Na4 16. Qc2 Nxb2 17. Rxb2 Qd8 18. Qd2 Nc6 19. Nc2 Rb8 20. Rd1 Bg4 21. Qf4
Qd7 22. Ne3 Bxf3 23. Bxf3 Nxd4 24. Rbd2 Nxf3+ 25. Qxf3 Qc6 26. Qxc6 bxc6 27.
Rd7 e6 28. Rxa7 Rfd8 29. Rdd7 Rxd7 30. Rxd7 Rb2 31. Rc7 Rxa2 32. Rc8+ Bf8 33.
Rxc6 h5 34. Kg2 Kg7 35. Rc7 Ra1 36. Nc2 Rc1 37. Nd4 Kf6 38. Ne2 Rc2 39. Nd4 Rc1
40. Ne2 Rc2 41. Nd4 1/2-1/2

[Event "7ème édition de l'open A de Provence"]
[Site "Salon de Provence"]
[Date "2016.07.09"]
[Round "5.16"]
[White "Jackson, Edgar"]
[Black "Gamblin, Thibaut"]
[Result "0-1"]
[WhiteElo "1723"]
[BlackElo "1681"]
[PlyCount "56"]
[EventDate "2016.??.??"]
[WhiteTeam "Gondrin Echecs Loisirs"]
[BlackTeam "Marseille Echecs"]

1. d4 Nf6 2. c4 e6 3. Nf3 Bb4+ 4. Bd2 a5 5. Qa4 Na6 6. a3 Bxd2+ 7. Nbxd2 c5 8.
e3 O-O 9. Qc2 b6 10. Bd3 d6 11. Ne4 Bb7 12. Nxf6+ Qxf6 13. Bxh7+ Kh8 14. Be4 d5
15. cxd5 Bxd5 16. O-O cxd4 17. Bxd5 exd5 18. exd4 Rac8 19. Qd3 Nc7 20. Ne5 Rfe8
21. f4 Ne6 22. f5 Nxd4 23. Ng4 Qh4 24. Qxd4 Re4 25. Qxd5 Qxg4 26. Qxf7 Rc2 27.
Rf2 Rxf2 28. Kxf2 Re2+ 0-1

[Event "7ème édition de l'open A de Provence"]
[Site "Salon de Provence"]
[Date "2016.07.09"]
[Round "5.17"]
[White "Ouahhoud, Yassine"]
[Black "Graille, Sebastien"]
[Result "1/2-1/2"]
[WhiteElo "1714"]
[BlackElo "1781"]
[PlyCount "91"]
[EventDate "2016.??.??"]
[WhiteTeam "Marseille Echecs"]
[BlackTeam "Club Provence Echecs"]

1. e4 c5 2. Nf3 Nc6 3. d4 cxd4 4. Nxd4 e5 5. Nb5 d6 6. N1c3 a6 7. Na3 Nf6 8.
Bg5 Be7 9. Bxf6 Bxf6 10. Nc4 Be7 11. Nd5 Be6 12. a4 Bxd5 13. Qxd5 Nb4 14. Qd1
b5 15. axb5 axb5 16. Rxa8 Qxa8 17. Nxd6+ Bxd6 18. Qxd6 Qxe4+ 19. Be2 Nxc2+ 20.
Kd2 Qd4+ 21. Qxd4 Nxd4 22. Rc1 Nb3+ 23. Kc2 Nxc1 24. Bxb5+ Ke7 25. Kxc1 Kd6 26.
b3 f6 27. Kd2 Kc5 28. Bc4 Rd8+ 29. Ke3 h6 30. h4 Rd4 31. h5 f5 32. f3 Rh4 33.
Bf7 Rh2 34. g4 fxg4 35. fxg4 Rh1 36. Ke4 Re1+ 37. Kf5 Rf1+ 38. Kg6 Rxf7 39.
Kxf7 e4 40. Kxg7 e3 41. Kxh6 e2 42. g5 e1=Q 43. g6 Qe7 44. b4+ Kxb4 45. g7 Qf7
46. g8=Q 1/2-1/2

[Event "7ème édition de l'open A de Provence"]
[Site "Salon de Provence"]
[Date "2016.07.09"]
[Round "5.18"]
[White "Mohamed Saeed Laily"]
[Black "Salvi, Michel"]
[Result "0-1"]
[WhiteElo "1589"]
[BlackElo "1721"]
[PlyCount "42"]
[EventDate "2016.??.??"]
[BlackTeam "Cercle d'Echecs Aubagnais"]

1. d4 Nf6 2. c4 d6 3. Nc3 g6 4. e4 Bg7 5. Nf3 O-O 6. Be2 Na6 7. O-O c5 8. d5
Nc7 9. h3 Bd7 10. a4 a6 11. a5 Rb8 12. Bf4 b5 13. axb6 Rxb6 14. Qc2 Nxe4 15.
Qxe4 Rxb2 16. Rac1 Bf5 17. Qe3 e5 18. Bh6 Qf6 19. Bxg7 Qxg7 20. Ne4 Bxe4 21.
Qxe4 f5 0-1

[Event "7ème édition de l'open A de Provence"]
[Site "Salon de Provence"]
[Date "2016.07.09"]
[Round "5.19"]
[White "Colandrea, Sauveur"]
[Black "Girard, Jean-Pierre"]
[Result "0-1"]
[WhiteElo "1758"]
[BlackElo "1787"]
[PlyCount "126"]
[EventDate "2016.??.??"]
[WhiteTeam "Puy Ste Réparade"]
[BlackTeam "CE Vitrolles"]

1. d4 Nf6 2. c4 e6 3. Nf3 b6 4. g3 Bb7 5. Bg2 Bb4+ 6. Bd2 Be7 7. O-O c5 8. d5
exd5 9. Nh4 O-O 10. Nf5 Re8 11. Nc3 Bf8 12. Bg5 d6 13. Nxd5 Bxd5 14. Bxd5 Nbd7
15. Bxa8 Qxa8 16. f3 Qc6 17. e4 h6 18. Bf4 Ne5 19. Bxe5 Rxe5 20. Qd2 Kh7 21.
Rad1 Re6 22. Qg2 g6 23. Ne3 Bg7 24. Nd5 Nd7 25. Nf4 Re8 26. Qd2 Bd4+ 27. Kg2
Ne5 28. Ne2 Nxc4 29. Nxd4 cxd4 30. Qxd4 Qc5 31. Qxc5 dxc5 32. Kf2 Nxb2 33. Rd7
Kg7 34. Rb1 Nc4 35. Rxa7 Rd8 36. Ra4 Rd2+ 37. Ke1 Rxh2 38. Rd1 Rh1+ 39. Ke2
Rxd1 40. Rxc4 Rb1 41. Rc2 Rb4 42. Ke3 Kf6 43. Kf4 h5 44. Rd2 Ke6 45. Kg5 Rd4
46. Rb2 Rd6 47. g4 hxg4 48. Kxg4 c4 49. Kf4 Kd7 50. Ke3 Kc6 51. e5 Rd3+ 52. Ke2
b5 53. a4 bxa4 54. Rb4 Kc5 55. Rxa4 Rd7 56. Ra6 c3 57. Ra8 Kc4 58. Rc8+ Kb3 59.
Rb8+ Kc2 60. Ra8 Kc1 61. Rc8 c2 62. f4 Rd2+ 63. Ke1 Rd4 0-1

[Event "7ème édition de l'open A de Provence"]
[Site "Salon de Provence"]
[Date "2016.07.09"]
[Round "5.20"]
[White "Boghossian, Hugo"]
[Black "Benezra, Esther"]
[Result "0-1"]
[WhiteElo "1682"]
[BlackElo "1575"]
[PlyCount "108"]
[EventDate "2016.??.??"]
[WhiteTeam "CE Vitrolles"]
[BlackTeam "L'Echiquier du Roy René"]

1. e4 e5 2. Nf3 Nc6 3. Nc3 Nf6 4. g3 d5 5. exd5 Nd4 6. Bg2 Bg4 7. O-O Nxd5 8.
Nxd5 Qxd5 9. Nxe5 Qxg2+ 10. Kxg2 Bxd1 11. Rxd1 f6 12. Nc4 Nxc2 13. Rb1 O-O-O
14. d3 Nb4 15. Be3 a6 16. d4 Nxa2 17. Ra1 Nb4 18. Rac1 Nd5 19. Rd2 Kb8 20. Rdc2
Nb4 21. Rd2 g6 22. Rcd1 Nd5 23. Re2 Bg7 24. Bd2 f5 25. Ne5 Rde8 26. Rde1 Kc8
27. Rc1 Rhf8 28. f4 Bxe5 29. dxe5 Re6 30. Rc5 Rd8 31. b4 Rb6 32. e6 Nxb4 33. e7
Re8 34. Bxb4 Rxb4 35. Rd5 Re4 36. Rxe4 fxe4 37. Re5 Kd7 38. Rxe4 Rxe7 39. Rb4
b5 40. Kf3 c5 41. Rb1 Kc6 42. h4 b4 43. g4 Kb5 44. f5 gxf5 45. gxf5 a5 46. Kf4
a4 47. f6 Re8 48. Kf5 a3 49. f7 Rf8 50. Kf6 a2 51. Rg1 b3 52. Kg7 Rxf7+ 53.
Kxf7 b2 54. Kg7 b1=Q 0-1